000 00716nam a2200205 i 4500
001 83791
003 ES-MaACL
005 20250815103308.0
007 t|
008 041118s1949 sp ||||1| spa d
100 1 _aIñiguez Almech, José María.
_965372
245 1 0 _aMecánica cuántica /
_cpor José María Iñiguez Almech.
260 _aZaragoza :
_bEl Noticiero,
_c1949.
300 _aXIII, 522 p., 1 lám. ;
_c24 cm.
490 1 _aMemorias de la Academia de Ciencias de Zaragoza. Serie 2ª. Memoria 2ª
650 0 7 _aMecánica cuántica
_2embne
_914872
830 0 0 _aMemorias de la Academia de Ciencias de Zaragoza
_9231640
852 _aES-MaACL
_jD-6829
_bR.28739
999 _c83791
_d83791